000 00378nam a2200157Ia 4500
008 230917s9999||||xx |||||||||||||| ||und||
040 _e61486
_aMAIN
041 _aEnglish
082 _a843.4 V889B:V
100 _aBesterman, Theodore
245 0 _aVoltaire
250 _a3rd ed.
260 _aChicago
_bUniversity of Chicago Press
_c1976
300 _a718 p.
942 _cBK
999 _c213277
_d213277